Подробности
| 000 -МАРКЕР |
| контрольное поле |
01205nam2a2200265 4500 |
| 001 - ИДЕНТИФИКАТОР ЗАПИСИ |
| контрольное поле |
RU\NLR\ONL2\26562 |
| 005 - ИДЕНТИФИКАТОР ВЕРСИИ |
| контрольное поле |
20140915102549.0 |
| 035 ## - ДРУГИЕ СИСТЕМНЫЕ НОМЕРА |
| Идентификатор записи |
(NLR Aleph) 010213516 |
| 100 ## - ДАННЫЕ ОБЩЕЙ ОБРАБОТКИ |
| Данные общей обработки |
20130610d1995 m||y0rusy50 ca |
| 101 0# - ЯЗЫК РЕСУРСА |
| Язык текста, звукозаписи и т.д. |
алтайский, горно-алтайский, ойротский, южно-алтайский |
| 102 ## - СТРАНА ПУБЛИКАЦИИ ИЛИ ПРОИЗВОДСТВА |
| Страна публикации |
Российская Федерация |
| 105 ## - ПОЛЕ КОДИРОВАННЫХ ДАННЫХ: ТЕКСТОВЫЕ МАТЕРИАЛЫ, МОНОГРАФИЧЕСКИЕ |
| Кодированные данные о монографическом текстовом документе |
a ||||||||| |
| 200 0# - ЗАГЛАВИЕ И СВЕДЕНИЯ ОБ ОТВЕТСТВЕННОСТИ |
| Основное заглавие |
Т. 12 |
| Первые сведения об ответственности |
[сост. И. Б. Шинжин] |
| 210 ## - ПУБЛИКАЦИЯ, РАСПРОСТРАНЕНИЕ И ДР. |
| Дата издания, распространения и т.д. |
1995 |
| 215 ## - ФИЗИЧЕСКАЯ ХАРАКТЕРИСТИКА |
| Специфическое обозначение материала и объем |
280 с., [6] л. ил. |
| 300 ## - ОБЩИЕ ПРИМЕЧАНИЯ |
| Текст примечания |
В вып. дан. сост.: Иван (Таныскай) Баксурович Шинжин |
| 461 #0 - УРОВЕНЬ НАБОРА |
| Встроенное поле |
001RU\NLR\ONL2\26548 |
| -- |
2000#$aАлтайские богатыри$dАлтай баатырлар$eалтайский героический эпос$ztut$vТ.12 |
| Системный номер (АБИС) связанной записи |
10306876 |
| Место публикации |
Горно-Алтайск |
| Дата публикации |
1958 |
| Параллельное заглавие |
Алтай баатырлар |
| Имя издателя, распространителя и т.д. |
Бичиктер чыг.изд-возы |
| Сведения, относящиеся к заглавию |
алтайский героический эпос |
| Заглавие |
Алтайские богатыри |
| Номер тома |
Т.12 |
| 702 #1 - ИМЯ ЛИЦА - ВТОРИЧНАЯ ОТВЕТСТВЕННОСТЬ |
| Код отношения |
Составитель |
| Графика поля |
Кириллица |
| Материалы, к которым относится поле |
rus |
| Начальный элемент ввода |
Шинжин |
| Часть имени, кроме начального элемента ввода |
И. Б. |
| Даты |
1936- |
| Расширение инициалов личного имени |
Иван Баксурович |
| Системный номер авторитетной/нормативной записи |
1122 |
| Идентификатор авторитетной/нормативной записи |
RU\NLR\AUTH\7718039 |
| 801 #0 - ИСТОЧНИК ЗАПИСИ |
| Страна |
Российская Федерация |
| Организация |
NLR |
| Дата составления |
20130610 |
| Правила каталогизации |
PSBO |
| 852 ## - МЕСТОНАХОЖДЕНИЕ И ШИФР ХРАНЕНИЯ |
| Идентификатор организации |
NLR |
| Наименование фонда или коллекции (Sub-Location Identifier) |
ОНЛ |
| Шифр хранения (Call Number) |
Алт./3-311 |
| 942 ## - ДОПОЛНИТЕЛЬНЫЕ ЭЛЕМЕНТЫ ЗАПИСИ (АБИС) |
| Тип экземпляра АБИС |
Книга |
| 980 ## - КОЛЛЕКЦИЯ |
| Название коллекции |
Национальная библиография |
| 980 ## - КОЛЛЕКЦИЯ |
| Название коллекции |
Каталог книг на языках народов РФ и стран СНГ |